Curso de historia argentina : el período indígena y el hispánico /

Guardado en:
Autor Principal: Astolfi, José Carlos
Formato: Libro
Publicado: Buenos Aires : Kapelusz, 1952
Materias:
Etiquetas: Agregar Etiqueta
Sin Etiquetas, Sea el primero en etiquetar este registro!
LEADER 00505nam a22001695a 4500
001 CEM.cems000735
005 20060210000000.0
008 130507s1952##################000#0#####d
003 CEMS
082 0 4 |a 982 
100 1 |a Astolfi, José Carlos 
245 1 0 |a Curso de historia argentina :  |b el período indígena y el hispánico / 
260 |a Buenos Aires :  |b Kapelusz,  |c 1952 
300 |a 270 p. 
653 |a Historia 
653 |a Historia argentina 
859 |a CEMS  |b BIB. CEMS - 11 de abril  |h 982  |i As86-1/I  |p 6367.78  |t Ej.1